书目信息 |
| 题名: |
教无止境
|
|
| 作者: | 赖夫 , 欧菲实 著 ;陈拔萃 译 | |
| 分册: | ||
| 出版信息: | 哈尔滨 黑龙江教育出版社 2017 |
|
| 页数: | 208页 | |
| 开本: | 24cm | |
| 丛书名: | ||
| 单 册: | ||
| 中图分类: | G455 | |
| 科图分类: | ||
| 主题词: | 后进生--教育研究 | |
| 电子资源: | ||
| ISBN: | 978-7-5316-9106-8 | |
| 000 | 01215nam0 2200265 450 | |
| 001 | 1340 | |
| 005 | 20180522110031.40 | |
| 010 | @a978-7-5316-9106-8@dCNY32.00 | |
| 100 | @a20170619d2017 em y0chiy50 ea | |
| 101 | 1 | @achi@ceng |
| 102 | @aCN@b230000 | |
| 105 | @ay z 000yy | |
| 200 | 1 | @a教无止境@9jiao wu zhi jing@e让差生成功逆袭@dTeaching for the lifespan successfully transitioning students with learning differences to adulthood@zeng@f(美)亨利·B.赖夫(Henry B.Reiff),(美)尼可·S.欧菲实(Nicole S.Ofiesh)著@g陈拔萃译 |
| 210 | @a哈尔滨@c黑龙江教育出版社@d2017 | |
| 215 | @a208页@d24cm | |
| 330 | @a本书以最新的学习发展研究成果为支撑,借助学习差异者的成功案例和教育研究机构的实践经验,为我们提供了一系列改善“差生”学习及生活状况的实践方案。 | |
| 510 | 1 | @aTeaching for the lifespan successfully transitioning students with learning differences to adulthood@zeng |
| 517 | 1 | @a让差生成功逆袭@9rang cha sheng cheng gong ni xi |
| 606 | 0 | @a后进生@x教育研究 |
| 690 | @aG455@v5 | |
| 701 | 0 | @c(美)@a赖夫@9lai fu@c(Reiff, Henry B. )@4著 |
| 701 | 0 | @c(美)@a欧菲实@9ou fei shi@c(Ofiesh, Nicole S. )@4著 |
| 702 | 0 | @a陈拔萃@9chen ba cui@4译 |
| 801 | 0 | @aCN@b91MARC@c20170619 |
| 905 | @aMuseLib@dG455@e220 | |
| 教无止境:让差生成功逆袭=Teaching for the lifespan successfully transitioning students with learning differences to adulthood/(美)亨利·B.赖夫(Henry B.Reiff),(美)尼可·S.欧菲实(Nicole S.Ofiesh)著/陈拔萃译.-哈尔滨:黑龙江教育出版社,2017 |
| 208页;24cm |
| ISBN 978-7-5316-9106-8:CNY32.00 |
| 本书以最新的学习发展研究成果为支撑,借助学习差异者的成功案例和教育研究机构的实践经验,为我们提供了一系列改善“差生”学习及生活状况的实践方案。 |
| ● |
| 相关链接 |
|
|
|
|
正题名:教无止境
索取号:G455/220
 
预约/预借
| 序号 | 登录号 | 条形码 | 馆藏地/架位号 | 状态 | 备注 |
| 1 | 1103940 | 211039400 | 第一样本阅览室/ [索取号:G455/220] | 在馆 | |
| 2 | 1103941 | 211039419 | 教育系资料室/ [索取号:G455/220] | 在馆 | |
| 3 | 1103942 | 211039428 | 教育系资料室/ [索取号:G455/220] | 在馆 | |
| 4 | 1103943 | 211039437 | 教育系资料室/ [索取号:G455/220] | 在馆 | |
| 5 | 1103944 | 211039446 | 第四借阅区/ [索取号:G455/220] | 在馆 | |
| 6 | 1103945 | 211039455 | 第四借阅区/ [索取号:G455/220] | 在馆 |